00700nam a2200241 a 4500001001300000003000900013005001700022008004100039020000900080082001500089100001800104245003400122260004200156300000900198500003500207505002400242650003100266700001800297902000800315942000700323952011300330999001500443nice12345678IN_TiNIC20260116011406.0050524s1968 dela grp 000 0 eng  ac1500a954.8bSHY aShyam, Radhey aLife and Times of Malik Ambar aDelhibMunshiram Manoharlal Pubc1968 a169p aincludes index and biblioraphy2 aIndex, Bibliography aDeccan-History-Malik Ambar1 aShyam, Radhey bSRS cBK 001040708StackRoom-aHMIbHMId2005-05-24g15.00l0o954.8 SHYp03486r2005-05-24v15.00w2005-05-24yBK c1111d1111